000 00929nas a2200301 4500
001 BR9900978
003 BR-BrBNA
005 20231205101253.0
007 ta
008 230509b bl.|||p| |||| 00| 00por d
040 _aBR-BrBNA
_bpor
_cBiblioteca Nacional de Agricultura
041 _a(Pt)
072 _aL70
100 1 _aBaccarin, R.Y.A.
100 1 _aAlvarenga, J. de
100 1 _aHagen, S.
100 1 _aSilva, L.C.L.C. da
245 1 _aAvaliacao pos-operatoria, atraves de exame clinico, laboratorial e ultra-sonografico, de equinos submetidos a toracotomia experimental
650 _aEquino
650 _aToracotomia
650 _aAnalise de Laboratorio
650 _aPleurite
650 _aDiagnostico
650 _aRadiografia
773 0 _tCiencia Rural (Brazil)
_xISSN 0103-8478
_g(Oct-Dec 1998), v. 28(4) p. 601-608
_wBR9900978
909 _a202311
_bLúcia
_c55
_dLúcia Elande
942 _2AGRIS
_n0
_cANA
999 _c160809
_d160809